000 00579nam a2200217Ia 4500
005 20241129115710.0
008 241129s9999||||xx |||||||||||||| ||und||
020 _a9788193607695
037 _aTB
040 _aSDCL
_beng
_cSDCL
041 _aeng
_2eng
084 _aV2'L R1
_qSDCL
100 _aLane-Poole Stanley
_911324
245 0 _aMedieval India under Mohammedon rule 712-1764
260 _aNew Delhi
_bSuryodaya Books
_c2021
300 _axviii,449p.
365 _aINR
_b700
650 _aReference
942 _cTB
_hV2'L R1
999 _c1231615
_d1231615